UBT Library

Insect resistance in crop plants. (Record no. 41580)

000 -LEADER
fixed length control field 00584cam a22002291 4500
001 - CONTROL NUMBER
control field 9304397
005 - DATE AND TIME OF LATEST TRANSACTION
control field 20180202035802.0
008 - FIXED-LENGTH DATA ELEMENTS--GENERAL INFORMATION
fixed length control field 750926s1951 nyua b 000 0 eng c
010 ## - LIBRARY OF CONGRESS CONTROL NUMBER
LC control number agr51000540
015 ## - NATIONAL BIBLIOGRAPHY NUMBER
National bibliography number GB52-10713
035 ## - SYSTEM CONTROL NUMBER
System control number (OCoLC)1656099
040 ## - CATALOGING SOURCE
Original cataloging agency U.S. Dept. of Agr. Libr.
Transcribing agency FMU
Modifying agency OCoLC
-- Uk
-- DLC
041 ## - LANGUAGE CODE
Language code of text/sound track or separate title eng
080 ## - UNIVERSAL DECIMAL CLASSIFICATION NUMBER
Universal Decimal Classification number 633 PAI
082 ## - DEWEY DECIMAL CLASSIFICATION NUMBER
Classification number 633 PAI
100 1# - Rafti
Rafti 9
101 ## - Shkurtesa
Shkurtesa MJE
245 10 - TITLE STATEMENT
Title Insect resistance in crop plants.
504 ## - BIBLIOGRAPHY, ETC. NOTE
Bibliography, etc Includes bibliographies.
906 ## - LOCAL DATA ELEMENT F, LDF (RLIN)
a 7
b cbc
c oclcrpl
d u
e ncip
f 19
g y-gencatlg
942 ## - ADDED ENTRY ELEMENTS (KOHA)
Source of classification or shelving scheme
Item type Books
Holdings
Withdrawn status Lost status Source of classification or shelving scheme Damaged status Not for loan Collection code Permanent location Current location Shelving location Date acquired Total Checkouts Full call number Barcode Date last seen Price effective from Koha item type
          Koleksioni i përgjithshem UBT - Lipjan UBT - Lipjan Koleksioni i përgjithshem 02/02/2018   633 PAI 002-2997489 02/02/2018 02/02/2018 Books
UBT Library © 2015-2024. All rights reserved University Education for Business and Technology